Seminario VIII: Derechos sociales, politicas publicas y acceso a la informacion (Registro nro. 1813)
[ vista simple ]
| 000 -LEADER | |
|---|---|
| fixed length control field | 00832nam a2200253 a 4500 |
| 003 - CONTROL NUMBER IDENTIFIER | |
| control field | OSt |
| 005 - FECHA ULTIMA MODIFICACION | |
| control field | 20131017163910.0 |
| 008 - FIXED-LENGTH DATA ELEMENTS--GENERAL INFORMATION | |
| fixed length control field | 131017s2004 ag ||||| |||| 00| 0 spa d |
| 040 ## - CATALOGING SOURCE | |
| Transcribing agency | Biblioteca Medicina |
| 041 ## - LANGUAGE CODE | |
| Language code of text/sound track or separate title | spa |
| 082 ## - DEWEY DECIMAL CLASSIFICATION NUMBER | |
| Item number | CONGRESOS 034 |
| 100 1# - MAIN ENTRY--PERSONAL NAME | |
| Personal name | Saba, Roberto |
| 9 (RLIN) | 2729 |
| 245 00 - TITLE STATEMENT | |
| Title | Seminario VIII: Derechos sociales, politicas publicas y acceso a la informacion |
| 250 ## - EDITION STATEMENT | |
| Edition statement | 1º ed. |
| 260 ## - PUBLICATION, DISTRIBUTION, ETC. (IMPRINT) | |
| Place of publication, distribution, etc | Buenos Aires |
| Name of publisher, distributor, etc | Centro de Estudios de Estado y Sociedad |
| Date of publication, distribution, etc | 2004 |
| 300 ## - PHYSICAL DESCRIPTION | |
| Extent | 16 p. |
| 440 #0 - SERIES STATEMENT/ADDED ENTRY--TITLE | |
| Title | Seminarios Salud y Politica Publica |
| 9 (RLIN) | 2706 |
| 653 ## - INDEX TERM--UNCONTROLLED | |
| Uncontrolled term | SALUD-POLITICAS PUBLICAS |
| 653 ## - INDEX TERM--UNCONTROLLED | |
| Uncontrolled term | SALUD-DERECHOS |
| 653 ## - INDEX TERM--UNCONTROLLED | |
| Uncontrolled term | SALUD-ACCESO A LA INFORMACION |
| 856 ## - ELECTRONIC LOCATION AND ACCESS | |
| Host name | www.cedes.org |
| 942 ## - ADDED ENTRY ELEMENTS (KOHA) | |
| Source of classification or shelving scheme | Dewey Decimal Classification |
| Koha item type | Hemeroteca |
| Withdrawn status | Lost status | Fuente de clasificación | Damaged status | Not for loan | Colección | Ubicación permanente | Ubicación actual | Sala de ubicación | Fecha de adquisición | Total Checkouts | Número de clasificación | Date last seen | Número de ejemplar | Price effective from | Koha tipo de elemento (item) |
|---|---|---|---|---|---|---|---|---|---|---|---|---|---|---|---|
| Dewey Decimal Classification | Non-fiction | Biblioteca Medicina | Biblioteca Medicina | Circulación | 17/10/2013 | CONGRESOS 034 | 06/11/2014 | Ej. 1 | 17/10/2013 | Hemeroteca |